KILLING COMMENDATORE (Record no. 31455)

MARC details
000 -LEADER
fixed length control field 00279nam a2200121Ia 4500
008 - FIXED-LENGTH DATA ELEMENTS--GENERAL INFORMATION
fixed length control field 240624s9999 xx 000 0 und d
041 ## - LANGUAGE CODE
Language code of text/sound track or separate title eng
082 ## - DEWEY DECIMAL CLASSIFICATION NUMBER
Classification number 813 MUR
100 ## - MAIN ENTRY--PERSONAL NAME
Personal name MURAKAMI
245 ## - TITLE STATEMENT
Title KILLING COMMENDATORE
260 ## - PUBLICATION, DISTRIBUTION, ETC.
Date of publication, distribution, etc. 2018
Place of publication, distribution, etc. London
Name of publisher, distributor, etc. Harvill Secker
365 ## - TRADE PRICE
Currency code RS
Holdings
Withdrawn status Lost status Damaged status Not for loan Home library Current library Shelving location Date acquired Cost, normal purchase price Total Checkouts Full call number Barcode Date last seen Date last checked out Price effective from Koha item type
        IMTN IMTN Rack 38-A 03/29/2019 597.00 1 813 MUR 31455 09/26/2025 09/03/2025 06/24/2024 Books
Designed & Maintained by: LRC IMT Nagpur Contact: lrc@imtnag.ac.in© 2024. All Rights Reserved.